000 01012nam a22002657a 4500
999 _c161420
_d161420
005 20190808114016.0
010 _a1819CHEN B-718986-719006
020 _a9789352752393
_c295.00
035 _aB-718986-719006
035 _aB-728546
037 _bBharatiya Sahitya Bhavana
082 _aS
100 _aStilton, Thea
245 _aMouseford academy :
_bthe puppy problem /
_cby Thea Stilton ; translated bt Julia Heim ; illustrated by Valeria Brambilla [and] Francesco Castelli
260 _aNew York
_bScholastic Inc.
_c2018 (repr.)
270 _a557 Broadway
_bNew York
_e10012
300 _a113p.:
_bcol. ill.
_c20cm(pbk)
500 _aAirport
700 _aJulia Heim
700 _aBrambilla, Valeria
700 _aCastelli,Francesco
942 _2ddc
_cCH
_mSTI
_hS